[Event "GBR-ch111 Over 65"]
[Site "Liverpool"]
[Date "2025.08.08"]
[Round "5.2"]
[White "Lewis, Andrew P"]
[Black "Pritchett, Craig W"]
[Result "1-0"]
[WhiteElo "2242"]
[BlackElo "2181"]
[PlyCount "71"]
[EventDate "2025.08.04"]
[EventType "swiss"]
[EventRounds "7"]
[EventCountry "GBR"]
[SourceTitle "BritBase"]
[Source "John Saunders"]
[SourceDate "2025.08.11"]
[SourceVersion "1"]
[SourceVersionDate "2025.08.11"]
[SourceQuality "1"]

1. Nf3 Nf6 2. c4 e6 3. g3 b6 4. Bg2 Bb7 5. O-O c5 6. Nc3 Be7 7. Re1 d6 8. e4 a6 9. d4 cxd4 10. Nxd4 Qc7 11. Be3 O-O 12. Rc1 Nbd7 13. f4 Rfe8 14. g4 g6 15. g5 Nh5 16. f5 exf5 17. Nxf5 Ne5 18. Nh6+ Kh8 19. Rf1 Bf8 20. Bd4 Bxh6 21. gxh6 Kg8 22. b3 Qd8 23. Qd2 Rf8 24. Rcd1 Rb8 25. Be3 Ng4 26. Bg5 f6 27. Bh4 g5 28. Qe2 Bc8 29. Bh3 f5 30. exf5 gxh4 31. Qxg4+ Kh8 32. Qxh5 Rg8+ 33. Kh1 Bb7+ 34. Nd5 b5 35. Qf3 bxc4 36. Qc3+ 1-0

[Event "GBR-ch111 Over 65"]
[Site "Liverpool"]
[Date "2025.08.08"]
[Round "5.3"]
[White "Varley, Peter"]
[Black "Povah, Nigel E"]
[Result "0-1"]
[WhiteElo "2117"]
[BlackElo "2206"]
[PlyCount "96"]
[EventDate "2025.08.04"]
[EventType "swiss"]
[EventRounds "7"]
[EventCountry "GBR"]
[SourceTitle "BritBase"]
[Source "John Saunders"]
[SourceDate "2025.08.11"]
[SourceVersion "1"]
[SourceVersionDate "2025.08.11"]
[SourceQuality "1"]

1. f4 d5 2. Nf3 Bg4 3. Ne5 Bf5 4. c4 f6 5. Nf3 d4 6. d3 e5 7. fxe5 Nc6 8. Qa4 Qd7 9. exf6 Nxf6 10. Na3 Bb4+ 11. Bd2 Bxd2+ 12. Kxd2 O-O 13. Re1 a6 14. h3 b5 15. Qc2 Nb4 16. Qb1 c5 17. g4 Bg6 18. Ne5 Qe6 19. Nxg6 Qe3+ 20. Kd1 hxg6 21. Nc2 Qf2 22. Nxb4 cxb4 23. b3 bxc4 24. bxc4 a5 25. e3 dxe3 26. Re2 Qf4 27. Bg2 Rad8 28. Qb3 Qd4 29. Rhe1 a4 30. Qxa4 Qxd3+ 31. Kc1 Qxc4+ 32. Qc2 Qd4 33. Kb1 Rfe8 34. Qb3+ Kh7 35. Rxe3 Qd2 36. Bc6 Qxe1+ 37. Rxe1 Rxe1+ 38. Kc2 Re2+ 39. Kc1 Rdd2 40. Bf3 Rf2 41. Qxb4 Rd3 42. Bc6 Rxh3 43. g5 Rhh2 44. Qc4 Rxa2 45. Kb1 Rae2 46. Qc1 Nh5 47. Bf3 Ref2 48. Qd1 Ng3 0-1

[Event "GBR-ch111 Over 65"]
[Site "Liverpool"]
[Date "2025.08.08"]
[Round "5.4"]
[White "Bray, Dave J"]
[Black "Hardman, Michael J"]
[Result "1/2-1/2"]
[WhiteElo "1950"]
[BlackElo "2057"]
[PlyCount "40"]
[EventDate "2025.08.04"]
[EventType "swiss"]
[EventRounds "7"]
[EventCountry "GBR"]
[SourceTitle "BritBase"]
[Source "John Saunders"]
[SourceDate "2025.08.11"]
[SourceVersion "1"]
[SourceVersionDate "2025.08.11"]
[SourceQuality "1"]

1. Nf3 Nf6 2. c4 e6 3. g3 b6 4. Bg2 Bb7 5. O-O Be7 6. Nc3 O-O 7. d4 d5 8. cxd5 Nxd5 9. Nxd5 Bxd5 10. Qd3 c5 11. dxc5 Bxc5 12. Ng5 g6 13. Ne4 Be7 14. Bh6 Re8 15. Rfd1 Nd7 16. Rac1 Bf8 17. Bf4 Nc5 18. Qc3 Nxe4 19. Bxe4 Qe7 20. Bxd5 exd5 1/2-1/2

[Event "GBR-ch111 Over 65"]
[Site "Liverpool"]
[Date "2025.08.08"]
[Round "5.5"]
[White "Dawson, Jeff R"]
[Black "Brooks, Phil J"]
[Result "0-1"]
[WhiteElo "2024"]
[BlackElo "2127"]
[PlyCount "133"]
[EventDate "2025.08.04"]
[EventType "swiss"]
[EventRounds "7"]
[EventCountry "GBR"]
[SourceTitle "BritBase"]
[Source "John Saunders"]
[SourceDate "2025.08.11"]
[SourceVersion "1"]
[SourceVersionDate "2025.08.11"]
[SourceQuality "1"]

1. e4 e6 2. d4 d5 3. Bd3 dxe4 4. Bxe4 Be7 5. c3 Nf6 6. Bf3 O-O 7. Ne2 c5 8. O-O Nc6 9. Be3 cxd4 10. cxd4 Qa5 11. Nbc3 Rd8 12. Qb3 Qb4 13. Qxb4 Nxb4 14. Rac1 Nbd5 15. Nxd5 Nxd5 16. Nc3 Nxe3 17. fxe3 Rb8 18. Rfd1 Bd7 19. Kf2 b6 20. Ne2 Rbc8 21. Bb7 Rxc1 22. Rxc1 Bd6 23. Bc6 Bc8 24. Bf3 Ba6 25. h3 Rc8 26. Rc6 Rxc6 27. Bxc6 Kf8 28. Nc3 Bd3 29. Be4 Ba6 30. Bc6 Ke7 31. Nb5 Bb8 32. e4 Bc8 33. Nc3 Kd6 34. Be8 f6 35. b4 Bb7 36. Ke3 Ke7 37. Bh5 Bd6 38. b5 Bb4 39. Ne2 a6 40. bxa6 Bxa6 41. Nc1 Kd6 42. Bf3 Bc3 43. Be2 Bb7 44. Bc4 f5 45. Ne2 Bb2 46. e5+ Ke7 47. g3 g5 48. Kf2 Bc6 49. h4 h6 50. hxg5 hxg5 51. Ke3 b5 52. Bd3 b4 53. Bc4 Bg2 54. Ng1 Bc1+ 55. Kf2 Be4 56. Ne2 Bd2 57. Ng1 f4 58. gxf4 gxf4 59. Ne2 Be3+ 60. Kf1 Bc6 61. Nxf4 Bxf4 62. Ke2 Be4 63. Bb3 Kd7 64. Bc4 Bh2 65. Ke3 Bc2 66. Kd2 Bf5 67. d5 0-1

[Event "GBR-ch111 Over 65"]
[Site "Liverpool"]
[Date "2025.08.08"]
[Round "5.6"]
[White "Hewson, Brian Wr"]
[Black "Hutchinson, Paul A"]
[Result "1/2-1/2"]
[WhiteElo "2062"]
[BlackElo "2019"]
[PlyCount "36"]
[EventDate "2025.08.04"]
[EventType "swiss"]
[EventRounds "7"]
[EventCountry "GBR"]
[SourceTitle "BritBase"]
[Source "John Saunders"]
[SourceDate "2025.08.11"]
[SourceVersion "1"]
[SourceVersionDate "2025.08.11"]
[SourceQuality "1"]

1. d4 Nf6 2. c4 g6 3. Nc3 Bg7 4. e4 d6 5. Nf3 O-O 6. h3 h6 7. Be3 Kh7 8. Bd3 Nc6 9. g4 Ng8 10. a3 e5 11. d5 Nd4 12. Bxd4 exd4 13. Ne2 c5 14. Ng3 Nf6 15. Qc2 Qa5+ 16. Nd2 Rh8 17. O-O Qd8 18. Kg2 Kg8 1/2-1/2

[Event "GBR-ch111 Over 65"]
[Site "Liverpool"]
[Date "2025.08.08"]
[Round "5.7"]
[White "Johnson, Simon"]
[Black "Page, Mark Edward"]
[Result "0-1"]
[WhiteElo "1911"]
[BlackElo "2025"]
[PlyCount "78"]
[EventDate "2025.08.04"]
[EventType "swiss"]
[EventRounds "7"]
[EventCountry "GBR"]
[SourceTitle "BritBase"]
[Source "John Saunders"]
[SourceDate "2025.08.11"]
[SourceVersion "1"]
[SourceVersionDate "2025.08.11"]
[SourceQuality "1"]

1. d4 Nf6 2. Nf3 g6 3. c4 Bg7 4. Nc3 O-O 5. e4 d6 6. Be2 Na6 7. O-O e5 8. d5 Nc5 9. Qc2 a5 10. Bg5 h6 11. Be3 b6 12. a3 a4 13. Bxc5 bxc5 14. Nxa4 Nxe4 15. Nc3 Nxc3 16. bxc3 Re8 17. Ne1 e4 18. g3 Qf6 19. Ng2 Qxc3 20. Qxc3 Bxc3 21. Ra2 Bd7 22. Rc1 Bd4 23. Ne3 Reb8 24. Kg2 Ba4 25. Bd1 Bxd1 26. Rxd1 Ra4 27. Rc1 Rb3 28. Nc2 Be5 29. Ne3 f5 30. h4 h5 31. Re1 Kf7 32. Nc2 Rxc4 33. Re3 Rb2 34. Rxb2 Bxb2 35. Re2 Ra4 36. Ne3 Bd4 37. Nc2 Kf6 38. f3 Ke5 39. fxe4 fxe4 0-1

[Event "GBR-ch111 Over 65"]
[Site "Liverpool"]
[Date "2025.08.08"]
[Round "5.8"]
[White "Fletcher, John T"]
[Black "Granat, Russell G"]
[Result "0-1"]
[WhiteElo "1981"]
[BlackElo "2164"]
[PlyCount "116"]
[EventDate "2025.08.04"]
[EventType "swiss"]
[EventRounds "7"]
[EventCountry "GBR"]
[SourceTitle "BritBase"]
[Source "John Saunders"]
[SourceDate "2025.08.11"]
[SourceVersion "1"]
[SourceVersionDate "2025.08.11"]
[SourceQuality "1"]

1. d4 d5 2. Bf4 Bf5 3. e3 e6 4. Bd3 Bg6 5. Nf3 Bd6 6. Bxd6 cxd6 7. O-O Nf6 8. c4 Nc6 9. Nc3 dxc4 10. Bxc4 O-O 11. d5 exd5 12. Nxd5 Ne5 13. Be2 Rc8 14. Rc1 Rxc1 15. Nxf6+ Qxf6 16. Qxc1 Nd3 17. Qc3 Qxc3 18. bxc3 Rc8 19. Nd4 Rxc3 20. h4 Nc1 21. Bf3 Bd3 22. Rd1 b5 23. Nc6 Nxa2 24. Bd5 Rc1 25. Rxc1 Nxc1 26. Nxa7 b4 27. Nc8 b3 28. Bxb3 Nxb3 29. Nxd6 Kf8 30. e4 g6 31. f3 Ke7 32. Nc8+ Ke6 33. Kf2 Nc5 34. Nb6 f5 35. exf5+ gxf5 36. Ke3 Ke5 37. f4+ Kd6 38. Kd4 Bf1 39. g3 Ne6+ 40. Ke3 Ba6 41. Na4 h5 42. Nc3 Kc5 43. Na4+ Kc6 44. Nc3 Bb5 45. Nb1 Kc5 46. Nd2 Bc6 47. Nb3+ Kb4 48. Nc1 Bb5 49. g4 fxg4 50. f5 Nf8 51. f6 Bc4 52. Kd4 Ng6 53. f7 Kb5 54. Ke4 Kc5 55. Kf5 Nf8 56. Kf6 g3 57. Kg7 Nd7 58. Kh8 g2 0-1

[Event "GBR-ch111 Over 65"]
[Site "Liverpool"]
[Date "2025.08.08"]
[Round "5.9"]
[White "Moore, Geoffrey R"]
[Black "Kennaugh, Charles W"]
[Result "1/2-1/2"]
[WhiteElo "1996"]
[BlackElo "2203"]
[PlyCount "123"]
[EventDate "2025.08.04"]
[EventType "swiss"]
[EventRounds "7"]
[EventCountry "GBR"]
[SourceTitle "BritBase"]
[Source "John Saunders"]
[SourceDate "2025.08.11"]
[SourceVersion "1"]
[SourceVersionDate "2025.08.11"]
[SourceQuality "1"]

1. e4 e5 2. Nf3 Nc6 3. Bb5 Nf6 4. Nc3 Bd6 5. O-O O-O 6. a4 Re8 7. d3 h6 8. Ne2 a6 9. Bc4 Bc5 10. Ng3 d6 11. c3 Ba7 12. Be3 Be6 13. Nd2 Qd7 14. Bxa7 Nxa7 15. Bxe6 fxe6 16. a5 Nc6 17. f3 Rf8 18. b4 Kh7 19. Qa4 Rfb8 20. Rfe1 g6 21. Ndf1 Kg7 22. Rad1 Qf7 23. Ne3 Rd8 24. Rf1 Qd7 25. f4 exf4 26. Rxf4 Rf8 27. Rdf1 Ne5 28. Qd1 Qe7 29. d4 Ned7 30. Qd3 Nh5 31. Nxh5+ gxh5 32. Qe2 Qg5 33. R4f3 h4 34. h3 Rxf3 35. Rxf3 Rf8 36. Rxf8 Nxf8 37. Nf1 c6 38. Nd2 Ng6 39. Nf3 Nf4 40. Qf1 Qg3 41. Kh1 Nh5 42. e5 d5 43. Kg1 Nf4 44. Kh1 Nh5 45. Kg1 Qf4 46. Qf2 Qc1+ 47. Kh2 Qf4+ 48. Kg1 Ng3 49. Nd2 Qg5 50. Qe1 Qf5 51. Qf2 Kg6 52. Qe3 Qg5 53. Qf2 Nf5 54. Nf3 Qc1+ 55. Kh2 Qf4+ 56. Kg1 Qc1+ 57. Kh2 Qxc3 58. Nxh4+ Nxh4 59. Qxh4 Qxb4 60. Qf6+ Kh7 61. Qf7+ Kh8 62. Qf6+ 1/2-1/2

[Event "GBR-ch111 Over 65"]
[Site "Liverpool"]
[Date "2025.08.08"]
[Round "5.10"]
[White "Smith, Andrew P"]
[Black "Bonafont, Philip R"]
[Result "1-0"]
[WhiteElo "2104"]
[BlackElo "1978"]
[PlyCount "51"]
[EventDate "2025.08.04"]
[EventType "swiss"]
[EventRounds "7"]
[EventCountry "GBR"]
[SourceTitle "BritBase"]
[Source "John Saunders"]
[SourceDate "2025.08.11"]
[SourceVersion "1"]
[SourceVersionDate "2025.08.11"]
[SourceQuality "1"]

1. e4 c6 2. d4 d5 3. e5 c5 4. c3 Nc6 5. Ne2 Bf5 6. dxc5 e6 7. b4 Nxe5 8. Nd4 Bg6 9. Bb5+ Nd7 10. O-O Ngf6 11. f4 Be7 12. f5 Bxf5 13. Nxf5 exf5 14. Rxf5 O-O 15. Be3 Qc8 16. Bd4 Nxc5 17. Rxf6 gxf6 18. bxc5 Bxc5 19. Nd2 Bxd4+ 20. cxd4 Qe6 21. Nf1 Rac8 22. Qd2 Kh8 23. Re1 Qd6 24. Bd3 Rg8 25. Bf5 Rce8 26. Qh6 1-0

[Event "GBR-ch111 Over 65"]
[Site "Liverpool"]
[Date "2025.08.08"]
[Round "5.11"]
[White "Clare, Steve"]
[Black "Giulian, Philip M"]
[Result "0-1"]
[WhiteElo "1709"]
[BlackElo "2075"]
[PlyCount "50"]
[EventDate "2025.08.04"]
[EventType "swiss"]
[EventRounds "7"]
[EventCountry "GBR"]
[SourceTitle "BritBase"]
[Source "John Saunders"]
[SourceDate "2025.08.11"]
[SourceVersion "1"]
[SourceVersionDate "2025.08.11"]
[SourceQuality "1"]

1. e4 d6 2. d4 Nf6 3. Bc4 e6 4. Nc3 d5 5. exd5 exd5 6. Bb3 c6 7. h3 Bd6 8. Nf3 Qe7+ 9. Qe2 Qxe2+ 10. Nxe2 Bf5 11. O-O O-O 12. Ng3 Bxg3 13. fxg3 Bg6 14. Re1 Nbd7 15. Bf4 Rfe8 16. Ne5 Nxe5 17. dxe5 Nd7 18. Re2 Be4 19. c4 Nc5 20. Bc2 Bxc2 21. Rxc2 dxc4 22. Rxc4 Nd3 23. Re4 Rad8 24. b3 Rd5 25. Rd1 Nxf4 0-1

[Event "GBR-ch111 Over 65"]
[Site "Liverpool"]
[Date "2025.08.08"]
[Round "5.12"]
[White "Hodge, Steve R"]
[Black "Surtees, Mike J"]
[Result "1-0"]
[WhiteElo "1973"]
[BlackElo "2055"]
[PlyCount "79"]
[EventDate "2025.08.04"]
[EventType "swiss"]
[EventRounds "7"]
[EventCountry "GBR"]
[SourceTitle "BritBase"]
[Source "John Saunders"]
[SourceDate "2025.08.11"]
[SourceVersion "1"]
[SourceVersionDate "2025.08.11"]
[SourceQuality "1"]

1. e4 g6 2. d4 d6 3. Nc3 a6 4. Nf3 b5 5. Bd3 Bg7 6. h3 e6 7. O-O Ne7 8. Re1 Nd7 9. a4 b4 10. Ne2 O-O 11. c3 bxc3 12. bxc3 h6 13. Ng3 Bb7 14. Rb1 Qc8 15. Bd2 c5 16. Qc1 Kh7 17. h4 e5 18. dxe5 Nxe5 19. Nxe5 dxe5 20. h5 Bc6 21. Qc2 Qd7 22. Be3 Bxa4 23. Qe2 Qd6 24. Ra1 Bb3 25. Bxa6 Be6 26. Bc4 Rxa1 27. Rxa1 Rc8 28. Qa2 gxh5 29. Nxh5 Bxc4 30. Qxc4 Qg6 31. Nxg7 Kxg7 32. Ra6 Rc6 33. Rxc6 Nxc6 34. Qd5 c4 35. Qxc4 Qd6 36. Qd5 Qc7 37. Qd2 Ne7 38. Bxh6+ Kh7 39. Bf8 Ng8 40. Qg5 1-0

[Event "GBR-ch111 Over 65"]
[Site "Liverpool"]
[Date "2025.08.08"]
[Round "5.13"]
[White "Hughes, Roy"]
[Black "Wilson, Edgar"]
[Result "1-0"]
[WhiteElo "2019"]
[BlackElo "1866"]
[PlyCount "119"]
[EventDate "2025.08.04"]
[EventType "swiss"]
[EventRounds "7"]
[EventCountry "GBR"]
[SourceTitle "BritBase"]
[Source "John Saunders"]
[SourceDate "2025.08.11"]
[SourceVersion "1"]
[SourceVersionDate "2025.08.11"]
[SourceQuality "1"]

1. d4 d5 2. Nf3 Nf6 3. Bf4 c5 4. e3 Nc6 5. Nbd2 Qb6 6. dxc5 Qxc5 7. Be2 Bf5 8. c3 h6 9. Nb3 Qb6 10. O-O e6 11. Nbd4 Be7 12. Nxf5 exf5 13. Qb3 Qxb3 14. axb3 O-O 15. h3 Rfd8 16. b4 Bd6 17. Bxd6 Rxd6 18. Rfd1 Rdd8 19. Nd4 Nxd4 20. Rxd4 a6 21. Rad1 Kf8 22. Bc4 Ke7 23. Bxd5 Nxd5 24. Rxd5 Rxd5 25. Rxd5 g6 26. Kf1 Ke6 27. Rd4 a5 28. bxa5 Rxa5 29. Rb4 b5 30. Ke2 Kd5 31. g4 fxg4 32. hxg4 Kc5 33. Kd3 Ra1 34. Rf4 Ra7 35. b4+ Kd6 36. Rf6+ Ke7 37. Rb6 Rd7+ 38. Ke4 Rc7 39. Rxb5 Rxc3 40. Rb7+ Ke6 41. Rb6+ Ke7 42. f4 Rb3 43. b5 Rb1 44. f5 Rb4+ 45. Kf3 gxf5 46. gxf5 h5 47. f6+ Kd7 48. e4 h4 49. e5 h3 50. Kg3 Rb3+ 51. Kh2 Re3 52. Rb7+ Ke6 53. Re7+ Kf5 54. b6 Kg4 55. Rxf7 Re2+ 56. Kg1 Rxe5 57. Rg7+ Kf3 58. f7 Re1+ 59. Kh2 Re2+ 60. Kxh3 1-0

[Event "GBR-ch111 Over 65"]
[Site "Liverpool"]
[Date "2025.08.08"]
[Round "5.14"]
[White "Pickles, Stephen"]
[Black "Moore, Gerald"]
[Result "1-0"]
[WhiteElo "2280"]
[BlackElo "1928"]
[PlyCount "119"]
[EventDate "2025.08.04"]
[EventType "swiss"]
[EventRounds "7"]
[EventCountry "GBR"]
[SourceTitle "BritBase"]
[Source "John Saunders"]
[SourceDate "2025.08.11"]
[SourceVersion "1"]
[SourceVersionDate "2025.08.11"]
[SourceQuality "1"]

1. e4 c5 2. Nf3 Nc6 3. Bb5 Nf6 4. Nc3 g6 5. e5 Ng4 6. Bxc6 dxc6 7. d3 Bg7 8. Bf4 Nh6 9. O-O O-O 10. Re1 Nf5 11. Ne4 b6 12. a4 a5 13. Qd2 Nd4 14. Nxd4 Qxd4 15. Ng5 Bf5 16. Nf3 Qd5 17. Bh6 Rae8 18. Bxg7 Kxg7 19. Qc3 Kg8 20. Re3 Bg4 21. Nd2 Be6 22. Rae1 Qd4 23. Qa3 Qb4 24. Qxb4 axb4 25. b3 Ra8 26. h4 Bd5 27. Ne4 Rfd8 28. h5 Bxe4 29. Rxe4 b5 30. axb5 cxb5 31. Rg4 Ra2 32. hxg6 fxg6 33. Rc1 Kf7 34. Kf1 Ke6 35. Re4 Rd4 36. Re2 Rh4 37. Ke1 Rh5 38. f4 Kf5 39. Kd2 Kxf4 40. Rf1+ Kg5 41. e6 Kh6 42. Rf7 Ra7 43. g4 Rh4 44. Re5 Rxg4 45. Rxc5 Rg2+ 46. Ke3 Ra1 47. Rxe7 Re1+ 48. Kd4 Rge2 49. Kd5 g5 50. Kd6 g4 51. Rcc7 g3 52. Rxh7+ Kg5 53. Rcg7+ Kf4 54. Rf7+ Kg4 55. Rhg7+ Kh3 56. e7 g2 57. Rf6 Kh2 58. Kd7 g1=N 59. Rh6+ Nh3 60. Rgh7 1-0

[Event "GBR-ch111 Over 65"]
[Site "Liverpool"]
[Date "2025.08.08"]
[Round "5.15"]
[White "Orton, Stephen LA"]
[Black "Ewart, Brian R"]
[Result "1-0"]
[WhiteElo "2137"]
[BlackElo "1906"]
[PlyCount "51"]
[EventDate "2025.08.04"]
[EventType "swiss"]
[EventRounds "7"]
[EventCountry "GBR"]
[SourceTitle "BritBase"]
[Source "John Saunders"]
[SourceDate "2025.08.11"]
[SourceVersion "1"]
[SourceVersionDate "2025.08.11"]
[SourceQuality "1"]

1. e4 e5 2. Nf3 Nc6 3. Bb5 a6 4. Ba4 Nf6 5. d4 exd4 6. O-O Bc5 7. e5 Nd5 8. c3 O-O 9. cxd4 Be7 10. Bb3 Nb6 11. d5 Na5 12. d6 cxd6 13. exd6 Bf6 14. Bc2 Nbc4 15. Nc3 b5 16. b3 Bxc3 17. Qd3 f5 18. Qxc3 Nxd6 19. Bg5 Qb6 20. Be7 Ne4 21. Bxe4 fxe4 22. Bxf8 Kxf8 23. Qb4+ Kg8 24. Qxe4 Bb7 25. Qg4 d5 26. Rfe1 1-0

[Event "GBR-ch111 Over 65"]
[Site "Liverpool"]
[Date "2025.08.08"]
[Round "5.16"]
[White "James, Geoffrey H"]
[Black "Punnett, Alan K"]
[Result "1/2-1/2"]
[WhiteElo "2088"]
[BlackElo "1919"]
[PlyCount "50"]
[EventDate "2025.08.04"]
[EventType "swiss"]
[EventRounds "7"]
[EventCountry "GBR"]
[SourceTitle "BritBase"]
[Source "John Saunders"]
[SourceDate "2025.08.11"]
[SourceVersion "1"]
[SourceVersionDate "2025.08.11"]
[SourceQuality "1"]

1. Nf3 Nf6 2. g3 c5 3. c4 Nc6 4. Nc3 g6 5. Bg2 Bg7 6. O-O O-O 7. d3 d6 8. a3 Bd7 9. h3 Rb8 10. Rb1 a6 11. b4 cxb4 12. axb4 b5 13. cxb5 axb5 14. Bd2 Qc7 15. Ng5 e6 16. Nge4 Rfc8 17. Nxf6+ Bxf6 18. Ne4 Be7 19. Bg5 Bxg5 20. Nxg5 d5 21. Qd2 Qd6 22. Rfc1 Nd4 23. Kf1 Rxc1+ 24. Qxc1 Rc8 25. Qf4 Qxf4 1/2-1/2

[Event "GBR-ch111 Over 65"]
[Site "Liverpool"]
[Date "2025.08.08"]
[Round "5.17"]
[White "Dilleigh, Stephen P"]
[Black "Hutchinson, Norman A"]
[Result "0-1"]
[WhiteElo "2048"]
[BlackElo "1914"]
[PlyCount "80"]
[EventDate "2025.08.04"]
[EventType "swiss"]
[EventRounds "7"]
[EventCountry "GBR"]
[SourceTitle "BritBase"]
[Source "John Saunders"]
[SourceDate "2025.08.11"]
[SourceVersion "1"]
[SourceVersionDate "2025.08.11"]
[SourceQuality "1"]

1. Nf3 Nf6 2. c4 e6 3. Nc3 b6 4. g3 Ba6 5. Qa4 Bb7 6. Bg2 Be7 7. O-O O-O 8. Qc2 c5 9. d4 cxd4 10. Nxd4 Bxg2 11. Kxg2 Qc8 12. Qd3 Na6 13. b3 Rd8 14. Bb2 d5 15. cxd5 Nxd5 16. Nxd5 Rxd5 17. Qf3 Bf6 18. e3 Nb4 19. Qe4 Re5 20. Qf3 Nd3 21. Ba3 Ra5 22. Bd6 Rd5 23. Ba3 Qa6 24. Bc1 Rad8 25. Rd1 e5 26. Nc6 e4 27. Qxe4 Bxa1 28. Ne7+ Kh8 29. Nxd5 Nc5 30. Nb4 Qc8 31. Rxd8+ Qxd8 32. Qd5 Qe8 33. Nd3 Ne4 34. Ba3 Nf6 35. Qb7 h5 36. Qe7 Qa8+ 37. f3 Qc6 38. Ne5 Qc2+ 39. Kh3 Qf5+ 40. Kg2 Qxe5 0-1

[Event "GBR-ch111 Over 65"]
[Site "Liverpool"]
[Date "2025.08.08"]
[Round "5.18"]
[White "Kane, Robert"]
[Black "Jackson, Sheila"]
[Result "1/2-1/2"]
[WhiteElo "1834"]
[BlackElo "2046"]
[PlyCount "35"]
[EventDate "2025.08.04"]
[EventType "swiss"]
[EventRounds "7"]
[EventCountry "GBR"]
[SourceTitle "BritBase"]
[Source "John Saunders"]
[SourceDate "2025.08.11"]
[SourceVersion "1"]
[SourceVersionDate "2025.08.11"]
[SourceQuality "1"]

1. d4 d5 2. Nf3 Nf6 3. e3 e6 4. Bd3 Bd6 5. Nbd2 Nbd7 6. e4 dxe4 7. Nxe4 Nxe4 8. Bxe4 Nf6 9. Bd3 O-O 10. O-O c5 11. dxc5 Bxc5 12. c4 b6 13. b3 Bb7 14. Qe2 h6 15. Bb2 Qe7 16. Rad1 Rfd8 17. Ne5 a5 18. Ng4 1/2-1/2

[Event "GBR-ch111 Over 65"]
[Site "Liverpool"]
[Date "2025.08.08"]
[Round "5.19"]
[White "Goodwin, Ed H"]
[Black "Fegan, Chris"]
[Result "1/2-1/2"]
[WhiteElo "1827"]
[BlackElo "1994"]
[PlyCount "39"]
[EventDate "2025.08.04"]
[EventType "swiss"]
[EventRounds "7"]
[EventCountry "GBR"]
[SourceTitle "BritBase"]
[Source "John Saunders"]
[SourceDate "2025.08.11"]
[SourceVersion "1"]
[SourceVersionDate "2025.08.11"]
[SourceQuality "1"]

1. d4 c5 2. d5 d6 3. e4 Nf6 4. Nc3 g6 5. Nf3 Bg7 6. Bb5+ Bd7 7. a4 O-O 8. O-O a6 9. Be2 e5 10. Nd2 h5 11. Nc4 Qc7 12. f4 Bg4 13. fxe5 Bxe2 14. Qxe2 dxe5 15. Bg5 Nbd7 16. Rf3 Rab8 17. a5 Rfe8 18. Raf1 Nh7 19. Be3 f6 20. Qe1 1/2-1/2

[Event "GBR-ch111 Over 65"]
[Site "Liverpool"]
[Date "2025.08.08"]
[Round "5.20"]
[White "Clark, Robert G"]
[Black "Marks, Ian A"]
[Result "1-0"]
[WhiteElo "1991"]
[BlackElo "1904"]
[PlyCount "187"]
[EventDate "2025.08.04"]
[EventType "swiss"]
[EventRounds "7"]
[EventCountry "GBR"]
[SourceTitle "BritBase"]
[Source "John Saunders"]
[SourceDate "2025.08.11"]
[SourceVersion "1"]
[SourceVersionDate "2025.08.11"]
[SourceQuality "1"]

1. e4 e6 2. d4 d5 3. Nc3 Nf6 4. Bg5 Bb4 5. e5 h6 6. Be3 Ne4 7. Qg4 g6 8. Bd3 h5 9. Qf4 g5 10. Qf3 Nxc3 11. Bd2 Nxa2 12. Rxa2 Bxd2+ 13. Kxd2 Nc6 14. c3 Bd7 15. Ne2 Qe7 16. Rha1 g4 17. Qf4 Rg8 18. b4 b6 19. Bb5 O-O-O 20. Nc1 Rdf8 21. Bxc6 Bxc6 22. Rxa7 f6 23. exf6 Rxf6 24. Rxc7+ Qxc7 25. Qxf6 Qd6 26. Ra7 Rf8 27. Rf7 Rxf7 28. Qxf7 Qxh2 29. Nd3 Qxg2 30. Qxe6+ Kb7 31. Qf7+ Ka6 32. Qg6 Kb7 33. Qxh5 Bb5 34. Qf7+ Ka6 35. Qf6 Kb7 36. Qe7+ Ka6 37. Qe1 g3 38. Qe2 gxf2 39. Qxf2 Qxf2+ 40. Nxf2 Bd7 41. Nd3 Kb5 42. Ne5 Be6 43. Kc2 Ka4 44. Kb2 Bf5 45. Nc6 Bd7 46. Ne7 Be6 47. Ng6 Bf5 48. Nf4 Be4 49. Ne6 Bf5 50. Nc7 Be4 51. Ne8 Bg2 52. Nf6 Bf3 53. Nd7 Kb5 54. Ne5 Be4 55. Kb3 Bg2 56. Kc2 Ka4 57. Kd2 Bh3 58. Nd3 Bg2 59. Nb2+ Kb3 60. Nd1 Bf3 61. Ne3 Be4 62. Ng4 Kc4 63. Nf6 Bg2 64. Ne8 Bh3 65. Nd6+ Kb3 66. Nb5 Ka4 67. Nc7 Bg2 68. Kc2 Bf3 69. Kb2 Be4 70. Ne8 Bg2 71. Nf6 Bf3 72. Nd7 Kb5 73. Ne5 Be4 74. Kb3 Bg2 75. Nd3 Be4 76. Nb2 Bf3 77. Kc2 Be4+ 78. Kd2 Bg2 79. Ke3 Bh1 80. Kf4 Bg2 81. Ke5 Kc6 82. Nd1 Bf3 83. Ne3 Bh1 84. Nf5 Kb5 85. Nd6+ Kc6 86. b5+ Kd7 87. Nf5 Bf3 88. Ne3 Be2 89. Nxd5 Bxb5 90. Nxb6+ Kc6 91. Nd5 Kd7 92. Ne3 Ba4 93. c4 Bb3 94. d5 1-0

[Event "GBR-ch111 Over 65"]
[Site "Liverpool"]
[Date "2025.08.08"]
[Round "5.21"]
[White "Prince, Alan R"]
[Black "Spanton, Tim R"]
[Result "1-0"]
[WhiteElo "1791"]
[BlackElo "1982"]
[PlyCount "101"]
[EventDate "2025.08.04"]
[EventType "swiss"]
[EventRounds "7"]
[EventCountry "GBR"]
[SourceTitle "BritBase"]
[Source "John Saunders"]
[SourceDate "2025.08.11"]
[SourceVersion "1"]
[SourceVersionDate "2025.08.11"]
[SourceQuality "1"]

1. Nf3 d5 2. g3 Nc6 3. Bg2 e5 4. d3 Nf6 5. Nbd2 Be7 6. e4 dxe4 7. dxe4 O-O 8. O-O Bc5 9. c3 a5 10. Qe2 Qe7 11. a4 Bg4 12. Nc4 Rad8 13. h3 Bh5 14. g4 Bg6 15. Nh4 Rd7 16. Nf5 Bxf5 17. exf5 Rfd8 18. Bxc6 bxc6 19. Nxa5 Qd6 20. Nb7 Qd5 21. Nxd8 Rxd8 22. Bg5 Ne4 23. Be3 Bd6 24. Rfd1 Qb3 25. f3 Nf6 26. Bg5 Ra8 27. a5 Rxa5 28. Be3 Ra2 29. Rxa2 Qxa2 30. c4 Qa6 31. Qd3 c5 32. Bd2 h6 33. Bc3 Qb7 34. Re1 Nd7 35. f4 exf4 36. Re8+ Kh7 37. Qe4 Qb3 38. Qe2 f3 39. Qxf3 Qxc4 40. Kg2 f6 41. Qe4 Qb3 42. Qe6 Qc2+ 43. Kf1 Qd3+ 44. Qe2 Qxh3+ 45. Ke1 Qh1+ 46. Kd2 Bf4+ 47. Kc2 Qc1+ 48. Kb3 Be5 49. Qc4 Qd1+ 50. Ka2 h5 51. g5 1-0